LEADER 01363nam a2200337 a 4500 001 000000141091 003 CaOOAMICUS 005 20150112125600.0 008 150112m20149999it u000 u ita r 020 $a88-14-18697-9 040 $aPUL$bita 245 03$aLa prescrizione /$cGiovanni Di Lorenzo ... [et al.] ; a cura di Paolo Vitucci. 250 $a2. ed. a cura di Saverio Ruperto. 260 $aMilano :$bGiuffrè,$c2014. 300 $av. ;$c25 cm 490 1 $aIl Codice civile.$aCommentario 500 $aContiene indici. 505 0 $aArtt. 2941-2963. 650 4$aCredito.$0(OLS)http://pul/subject/14360 650 4$aDiritto civile$zItalia.$0(OLS)http://pul/subject/3770 700 1 $aDi Lorenzo, Giovanni.$0(OLS)http://pul/name/90851 700 1 $aVitucci, Paolo,$d1939-$0(OLS)http://pul/name/30108 700 1 $aRuperto, Saverio.$0(OLS)http://pul/name/83100 830 3$aIl Codice civile.$pCommentario.$0(OLS)http://pul/title/53143 850 $aPUL 852 $aPUL$W1$xSL Diritto e Scienze Sociali 3$y79$m300 A 1.2941.2$j162862$qDDC 21$B162578$CPULBib$Z2$F162578 $H125231 $82 941 1 $a9 996 $6020$a88-14-18697-9$9(OLS)http://pul/number/156663 996 $6245$aLa prescrizione$9(OLS)http://pul/title/149011 996 $6260$aMilano :$bGiuffrè$9(OLS)http://pul/publisher/48401 LEADER 01679nam a2200349 a 4500 001 000000125142 003 CaOOAMICUS 005 20110428130557.0 008 110428s2011 it d u000 u ita r 020 $a978-88-7105-248-9 040 $aPUL$bita 041 1 $aita$heng 082 04$a492.45 100 1 $aWeingreen, Jacob.$0(OLS)http://pul/name/36436 240 10$aPratical grammar for classical Hebrew.$lItaliano.$0(OLS)http://pul/title/157765 245 10$aGrammatica di ebraico biblico /$cJacob Weingreen ; traduzione di Marcello Fidanzio ; sotto la direzione di Giorgio Paximadi ; presentazione di Massimo Pazzini. 260 $aLugano-Varese :$bEupress FTL,$c©2011$aMilano :$bGlossa,$c©2011. 300 $aXIV, 260 p. :$bgrafici ;$c25 cm 490 1 $aManuali Luganensia ;$v2 650 4$aLingua ebraica$xGrammatica.$0(OLS)http://pul/subject/25211 700 1 $aFidanzio, Marcello.$0(OLS)http://pul/name/79113 700 1 $aPaximadi, Giorgio.$0(OLS)http://pul/name/79115 700 1 $aPazzini, Massimo,$cO.F.M.$0(OLS)http://pul/name/71189 830 0$aManuali Luganensia ;$v2.$0(OLS)http://pul/title/157766 850 $aPUL 852 $aPUL$W1$xSL Cons. Gen., Altre Classi 3$y75$m492. 45 WEIJA 2$j105582$qDDC 21$B143121$CPULBib$Z2$F143121 $H116698 $82 941 1 $a9 996 $6020$a978-88-7105-248-9$9(OLS)http://pul/number/146998 996 $6082$a492.45$9(OLS)http://pul/classification/1877 996 $6245$aGrammatica di ebraico biblico$9(OLS)http://pul/title/157764 996 $6260$aLugano-Varese :$bEupress FTL$9(OLS)http://pul/publisher/81460 996 $6260$aMilano :$bGlossa$9(OLS)http://pul/publisher/53656